Počúvanie s porozumením - pohľad na vývoj metód výučby cudzích jazykov

Počúvanie s porozumením. Hlavné prístupy a metódy používané pri výučbe cudzích jazykov. Gramaticko-prekladová metóda a priama metóda. Gramatická metóda. Audio-orálna a audio-vizuálna metóda. Komunikatívna metóda.

Na minha lista:
Detalhes bibliográficos
Autor principal: Kurdelová, Ľubica
Formato: Capítulo de Livro
Idioma:eslovaco
Assuntos:
Tags: Adicionar Tag
Sem tags, seja o primeiro a adicionar uma tag!

MARC

LEADER 00000nla a2200000 4500
001 0201766
005 20240502073411.5
041 0 |a slo 
044 |a SK 
245 1 0 |a Počúvanie s porozumením - pohľad na vývoj metód výučby cudzích jazykov  |c Ľubica Kurdelová 
520 |a Počúvanie s porozumením. Hlavné prístupy a metódy používané pri výučbe cudzích jazykov. Gramaticko-prekladová metóda a priama metóda. Gramatická metóda. Audio-orálna a audio-vizuálna metóda. Komunikatívna metóda. 
610 2 0 |a jazyky cudzie 
610 2 0 |a vyučovanie 
610 2 0 |a vzdelávanie 
610 2 0 |a komunikácia 
100 1 |a Kurdelová, Ľubica